01012cam a2200265 a 4500999001700000001000900017005001700026008004100043010001700084020003900101020004800140035002100188050002100209100004500230245007600275250001200351260005800363300006100421504005100482650002800533650001900561650003000580942001500610952012100625 c27912d279121176912420170211115024.0990812s2001 cauab b 001 0 eng  a 99042986  a0534376134 (text : acidfree paper) a0534376142 (international : acidfree paper) a(DLC) 9904298600aGE105 .M544 20011 aMiller, G. Tylerq(George Tyler),d1931-10aEnvironmental science :bworking with the Earth /cG. Tyler Miller, Jr. a8th ed. aPacific Grove, Calif. :bBrooks/Cole Pub. Co.,c2001. a1 v. (various pagings) :bcol. ill., col. maps ;c29 cm. aIncludes bibliographical references and index. 0aEnvironmental sciences. 0aHuman ecology. 0aEnvironmental protection. 2lcccBOOKS 00102lcc4070aMUCbMUCcTECHd2017-02-11eDonation(BFA)l0oGE105 .M55 2001p35847r2018-07-12w2017-02-11yBOOKS